| 000 | 00670nam a22001937a 4500 | ||
|---|---|---|---|
| 003 | 0 | ||
| 005 | 20220816143645.0 | ||
| 008 | 220816b xxu||||| |||| 00| 0 eng d | ||
| 020 | _a978-1-119-63099-9 | ||
| 050 |
_aBF698.4 _b.D34 2020 |
||
| 245 |
_aPredicting personality: using Al to understand people and win more business _cDrew D'Agostino; Greg Skloot |
||
| 260 |
_aNew Jersey _bJohn wiley & sons, Inc., _cC2020 |
||
| 300 |
_axii,324pp. _c24cm _eIncludes index. _fBook |
||
| 500 | _aPersonality assessment. | ||
| 500 | _aInterpersonal communication. | ||
| 500 | _aCustomer relations--psychological aspects. | ||
| 500 | _aMarketing--psychological. | ||
| 942 |
_2lcc _cBK |
||
| 999 |
_c364786 _d364786 |
||